Evalution of the national rural water supply programme (Record no. 498442)

000 -LEADER
fixed length control field 00445cam a22001097a 4500
008 - FIXED-LENGTH DATA ELEMENTS--GENERAL INFORMATION
fixed length control field 180718b1983 xxu||||| |||| 00| 0 eng d
082 ## - DEWEY DECIMAL CLASSIFICATION NUMBER
Classification number V43x5444 K147
245 ## - TITLE STATEMENT
Title Evalution of the national rural water supply programme
Statement of responsibility, etc. by Planning Department, Karnataka Government Seretariat, Karnataka
260 ## - PUBLICATION, DISTRIBUTION, ETC.
Place of publication, distribution, etc. Bangalore
Name of publisher, distributor, etc. Karnataka Government Seretariat
Date of publication, distribution, etc. 1983
300 ## - PHYSICAL DESCRIPTION
Extent 82+p.
700 ## - ADDED ENTRY--PERSONAL NAME
Personal name Karnataka. Karnataka Government Seretariat. Planning Department
Holdings
Withdrawn status Lost status Damaged status Not for loan Permanent Location Current Location Date acquired Full call number Barcode Date last seen Price effective from Koha item type
        Indian Institute of Public Administration Indian Institute of Public Administration 2018-08-04 V43x5444 K147 GG19508 2018-08-04 2018-08-04 GG

Powered by Koha